000 00361nam a2200169Ia 4500
003 0100
008 130303s9999 xx 000 0 und d
040 _cARRUPELIB
050 _aPR9390.9.M82J7 1992
100 _aMungoshi, David
245 _aStains on the Wall
260 _aGweru
260 _bMambo PR
260 _C1992
300 _a127p
942 0 0 _02
999 _c19814
_d19814